UM Logo
Normal view MARC view
  • Austria, Ronalee Rosales.

Entry Personal Name

Number of records used in: 2

001 - CONTROL NUMBER

  • control field: 60194

003 - CONTROL NUMBER IDENTIFIER

  • control field: OSt

005 - DATE AND TIME OF LATEST TRANSACTION

  • control field: 20240905093704.0

008 - FIXED-LENGTH DATA ELEMENTS

  • fixed length control field: 240905|| aca||aabn | a|a d

040 ## - CATALOGING SOURCE

  • Original cataloging agency: OSt
  • Transcribing agency: OSt

100 ## - HEADING--PERSONAL NAME

  • Personal name: Austria, Ronalee Rosales.
  • Relator term: author.

670 ## - SOURCE DATA FOUND

  • Source citation: Work cat.: (OSt): Austria, Ronalee Rosales. author., School celebration of Philippine independence day /, June 2019.